[Event "VI Festival A"]
[Site "Trieste ITA"]
[Date "2004.09.05"]
[Round "2"]
[White "Battisti, Eugenio"]
[Black "De Poi, Paolo"]
[Result "1/2-1/2"]
[WhiteElo "2000"]
[BlackElo "2223"]
[PlyCount "62"]
[EventDate "2004.09.04"]

1. e4 c5 2. Nf3 d6 3. Bb5+ Bd7 4. a4 Nf6 5. e5 dxe5 6. Nxe5 e6 7. Qf3 Qc7 8. d4
cxd4 9. Bf4 Bd6 10. Nxd7 Nbxd7 11. Bxd6 Qxd6 12. Qxb7 O-O 13. O-O Nc5 14. Qf3
e5 15. Nd2 Rab8 16. Bd3 Qc7 17. Rfe1 Rfe8 18. Qg3 Re7 19. h3 h6 20. Bf5 Rxb2
21. Nc4 Rb4 22. Nxe5 Rxa4 23. Rab1 Ra6 24. Re2 Ne6 25. Rbe1 Nh5 26. Qf3 Nf6 27.
Ng6 fxg6 28. Bxe6+ Kh7 29. Qd3 Rd6 30. Bf5 Rxe2 31. Bxg6+ Kh8 1/2-1/2

[Event "VI Festival A"]
[Site "Trieste ITA"]
[Date "2004.09.05"]
[Round "2"]
[White "Boldrin, Marco"]
[Black "Chiandussi, Livio"]
[Result "1-0"]
[WhiteElo "1877"]
[BlackElo "1515"]
[PlyCount "69"]
[EventDate "2004.09.04"]

1. e4 e6 2. d4 d5 3. Nd2 Nf6 4. e5 Nfd7 5. Ngf3 c5 6. c3 Nc6 7. Be2 Qb6 8. Nb3
Be7 9. h4 f6 10. exf6 Nxf6 11. dxc5 Bxc5 12. Nxc5 Qxc5 13. Be3 Qd6 14. b4 b6
15. b5 Ne5 16. Nxe5 Qxe5 17. Bd4 Qd6 18. Bh5+ Ke7 19. O-O Bd7 20. Qe2 Raf8 21.
a4 g6 22. Bf3 h6 23. Be5 Qc5 24. Rad1 Rh7 25. c4 Qxc4 26. Qxc4 dxc4 27. Bd6+
Ke8 28. Bxf8 Kxf8 29. Rd4 c3 30. Rc1 Nd5 31. Bxd5 exd5 32. Rxd5 Be6 33. Rd3 Bb3
34. Rcxc3 Bxa4 35. Rc8+ 1-0

[Event "VI Festival A"]
[Site "Trieste ITA"]
[Date "2004.09.05"]
[Round "2"]
[White "Costariol, Elena"]
[Black "Pasquotto, Mirko"]
[Result "0-1"]
[WhiteElo "1554"]
[BlackElo "1778"]
[PlyCount "106"]
[EventDate "2004.09.04"]

1. e4 c5 2. d4 cxd4 3. c3 d3 4. Bxd3 d6 5. Be3 Nf6 6. Nd2 Nc6 7. Ngf3 Bg4 8. h3
Bh5 9. Qc2 e6 10. O-O Be7 11. Rfe1 O-O 12. Bf4 Rc8 13. e5 Nb4 14. Qb1 dxe5 15.
Nxe5 Nxd3 16. Qxd3 Qxd3 17. Nxd3 Rfd8 18. Ne5 Nd5 19. Bh2 Nxc3 20. bxc3 Rxd2
21. g4 Bg6 22. Nxg6 hxg6 23. Be5 Bc5 24. Bg3 Bb6 25. Rec1 Rd3 26. c4 Rxg3+ 27.
Kf1 Rxh3 28. Kg2 Ra3 29. Rc2 Ra4 30. Rac1 Bc5 31. Rb1 b6 32. Rd1 Bf8 33. Rd4 b5
34. Rd3 Raxc4 35. Rb2 Rxg4+ 36. Kf3 Rb4 37. Rbd2 Rbc4 38. Kg2 Rc2 39. Rxc2 Rxc2
40. Rb3 b4 41. Kf3 Rxa2 42. Rb1 a5 43. Ke3 Bc5+ 44. Kd3 Bxf2 45. Kc4 g5 46. Kd3
g4 47. Ke4 g3 48. Kf3 f5 49. Rb3 Bc5 50. Kxg3 Ra3 51. Rxa3 bxa3 52. Kf4 a2 53.
Ke5 a1=Q+ 0-1

[Event "VI Festival A"]
[Site "Trieste ITA"]
[Date "2004.09.05"]
[Round "2"]
[White "Devetak, Robert"]
[Black "Moratto, Davide"]
[Result "0-1"]
[WhiteElo "1488"]
[BlackElo "1759"]
[PlyCount "58"]
[EventDate "2004.09.04"]

1. e4 c5 2. Nf3 d6 3. d4 cxd4 4. Nxd4 Nf6 5. Nc3 a6 6. Bc4 e6 7. O-O Be7 8. Bg5
Nbd7 9. Nde2 b5 10. Bd3 Nc5 11. a3 Bb7 12. Ng3 Nxd3 13. Qxd3 h6 14. Bxf6 Bxf6
15. Nh5 Rc8 16. Nxf6+ gxf6 17. Rad1 Ke7 18. Rd2 Qc7 19. Rfd1 Rhd8 20. Qe3 h5
21. Qh3 Qc4 22. Rd4 Qc5 23. Kf1 a5 24. f3 b4 25. axb4 axb4 26. Ne2 Qxc2 27.
R4d2 Qc5 28. Nf4 Ba6+ 29. Ke1 Qg1# 0-1

[Event "VI Festival A"]
[Site "Trieste ITA"]
[Date "2004.09.05"]
[Round "2"]
[White "Drazic, Sinisa"]
[Black "Pechy, Alaster"]
[Result "1-0"]
[WhiteElo "2461"]
[BlackElo "2138"]
[PlyCount "79"]
[EventDate "2004.09.04"]

1. e4 c5 2. Nf3 Nc6 3. b3 d6 4. Bb2 e5 5. c3 Nf6 6. Qe2 Be7 7. g3 O-O 8. Bg2
Kh8 9. O-O Ng4 10. h3 Nh6 11. d4 Qc7 12. Na3 a6 13. Nc4 exd4 14. cxd4 cxd4 15.
Nxd4 Nxd4 16. Bxd4 b5 17. Nb6 Rb8 18. Nd5 Qd8 19. Rac1 Be6 20. Nb4 Qd7 21. Nxa6
Rbc8 22. Qh5 Ng8 23. Kh2 Bf6 24. Bxf6 Nxf6 25. Qe2 Qa7 26. Nb4 Rc5 27. Nd3 Rh5
28. Nf4 Rh6 29. Rc2 g5 30. Nxe6 fxe6 31. Kg1 Nh5 32. Qg4 Qg7 33. Rfc1 Nf6 34.
Qe2 e5 35. Rc8 Rg6 36. Rxf8+ Qxf8 37. Qxb5 h5 38. Qb7 Rg8 39. Rc7 h4 40. g4 1-0

[Event "VI Festival A"]
[Site "Trieste ITA"]
[Date "2004.09.05"]
[Round "2"]
[White "Laco, Giuseppe"]
[Black "Bevilacqua, Andrea"]
[Result "1-0"]
[WhiteElo "2107"]
[BlackElo "1736"]
[PlyCount "91"]
[EventDate "2004.09.04"]

1. c4 g6 2. e4 Bg7 3. d4 d6 4. Nc3 Nf6 5. f3 O-O 6. Be3 e5 7. d5 Nbd7 8. Qd2 a5
9. Na4 b6 10. b3 Nc5 11. Nc3 Ne8 12. g4 f5 13. g5 fxe4 14. fxe4 Bg4 15. h3 Bd7
16. Qg2 c6 17. dxc6 Bxc6 18. O-O-O Nc7 19. Nge2 N7a6 20. Kb2 a4 21. Ng3 axb3
22. axb3 Nb4 23. Be2 Rf7 24. Bxc5 bxc5 25. h4 Rfa7 26. Ra1 Rxa1 27. Rxa1 Rxa1
28. Kxa1 Nc2+ 29. Kb2 Nd4 30. Bd1 h6 31. gxh6 Bxh6 32. Nf5 Kh7 33. h5 g5 34.
Ne3 Qe7 35. Ncd5 Qf7 36. Kc3 Kg7 37. Bg4 Qa7 38. Kb2 Qb7 39. Bd1 Ba4 40. Qf1
Bxb3 41. Qf6+ Kh7 42. Qg6+ Kh8 43. Qxh6+ Kg8 44. Qxg5+ Kf8 45. Qf6+ Ke8 46.
Qh8+ 1-0

[Event "VI Festival A"]
[Site "Trieste ITA"]
[Date "2004.09.05"]
[Round "2"]
[White "Nedimovic, Ljubisa"]
[Black "Zorat, Paolo"]
[Result "1-0"]
[WhiteElo "2200"]
[BlackElo "2000"]
[PlyCount "131"]
[EventDate "2004.09.04"]

1. d4 Nf6 2. Bg5 d5 3. Bxf6 exf6 4. e3 c6 5. g3 Qb6 6. Qc1 Bb4+ 7. c3 Be7 8.
Bg2 O-O 9. Ne2 Bf5 10. O-O Re8 11. Nd2 Bd3 12. Re1 Bd6 13. Bf3 Nd7 14. a3 f5
15. c4 dxc4 16. Nxc4 Bxc4 17. Qxc4 Nf6 18. Nc3 Ne4 19. Qd3 Ng5 20. Bg2 g6 21.
h4 Ne6 22. b4 Rad8 23. Qc2 Ng7 24. Ne2 Nh5 25. Bf3 Nf6 26. Nc3 Bb8 27. Na4 Qc7
28. Nc5 Nd5 29. Rac1 Re7 30. Nd3 Qd7 31. h5 g5 32. Nc5 Qc8 33. Bxd5 Rxd5 34.
Rcd1 Rd6 35. e4 f4 36. e5 Qh3 37. gxf4 gxf4 38. f3 Rh6 39. Qg2+ Qxg2+ 40. Kxg2
Rxh5 41. Re4 Rg5+ 42. Kf2 Rf5 43. Rg1+ Kf8 44. Rg4 a6 45. Rexf4 Rxf4 46. Rxf4
Kg7 47. Rg4+ Kf8 48. Ne4 Bxe5 49. dxe5 Rxe5 50. Nf6 Ke7 51. Nxh7 Rh5 52. Re4+
Kd6 53. Nf6 Rh2+ 54. Kg3 Ra2 55. Re3 b6 56. Rd3+ Ke6 57. Ne4 f5 58. Ng5+ Ke7
59. Kf4 c5 60. bxc5 bxc5 61. Kxf5 a5 62. Ke5 Rc2 63. Rb3 Kd7 64. Kd5 Ke7 65.
Ne4 Kf7 66. Nxc5 1-0

[Event "VI Festival A"]
[Site "Trieste ITA"]
[Date "2004.09.05"]
[Round "2"]
[White "Padjen, Zdenko"]
[Black "Golubovic, Boris"]
[Result "0-1"]
[WhiteElo "2099"]
[BlackElo "2428"]
[PlyCount "100"]
[EventDate "2004.09.04"]

1. e4 c6 2. d4 d5 3. exd5 cxd5 4. Bd3 Nc6 5. c3 Nf6 6. Bf4 Bg4 7. Qb3 Qd7 8.
Nd2 e6 9. Ngf3 Bxf3 10. Nxf3 Bd6 11. Bxd6 Qxd6 12. O-O O-O 13. Rfe1 Rab8 14.
Ne5 b5 15. a4 b4 16. Bb5 bxc3 17. bxc3 a6 18. Qa3 Qxa3 19. Rxa3 Nxe5 20. dxe5
axb5 21. exf6 bxa4 22. fxg7 Rfc8 23. Rxa4 Rxc3 24. h3 Rbc8 25. Kh2 R8c4 26. Ra7
Rc7 27. Ra8+ Kxg7 28. Rd8 Rc2 29. Kg3 R7c3+ 30. Re3 Kf6 31. Kf3 Rc8 32. Rd7 h5
33. g3 R2c7 34. Rd6 Rc3 35. Rd7 R8c4 36. h4 Kg6 37. Rxc3 Rxc3+ 38. Ke2 Rc8 39.
Ke3 Kf6 40. Ra7 Rb8 41. Ra6 Ke5 42. Ra7 d4+ 43. Kd3 Rb3+ 44. Ke2 f5 45. f3 Rb2+
46. Kf1 Kd5 47. Ra5+ Kc4 48. Re5 d3 49. Rxe6 Rb1+ 50. Kf2 d2 0-1

[Event "VI Festival A"]
[Site "Trieste ITA"]
[Date "2004.09.05"]
[Round "2"]
[White "Plani, Andrea"]
[Black "Padovani, Alessio"]
[Result "0-1"]
[WhiteElo "1706"]
[BlackElo "1912"]
[PlyCount "98"]
[EventDate "2004.09.04"]

1. Nf3 f5 2. c4 Nf6 3. Nc3 e6 4. g3 d5 5. cxd5 exd5 6. Bg2 c6 7. d4 Bd6 8. Bg5
O-O 9. Qd2 h6 10. Bf4 Ne4 11. Nxe4 Bxf4 12. gxf4 dxe4 13. Ne5 Nd7 14. O-O-O
Nxe5 15. fxe5 Be6 16. Kb1 Qd5 17. b3 a5 18. f3 e3 19. Qxe3 a4 20. Kb2 Ra5 21.
Qc3 Rfa8 22. e4 Qb5 23. Bf1 Qb6 24. Bc4 Bxc4 25. Qxc4+ Kh8 26. b4 c5 27. dxc5
Qb5 28. Qxb5 Rxb5 29. a3 b6 30. e6 bxc5 31. e7 Rbb8 32. Rd7 Kg8 33. exf5 cxb4
34. axb4 Rxb4+ 35. Ka3 Rb3+ 36. Ka2 Re8 37. Rd8 Kf7 38. Rxe8 Kxe8 39. Rg1 Rxf3
40. Rxg7 Rxf5 41. Ka3 Rf4 42. Rh7 Rh4 43. h3 h5 44. Rg7 Rxh3+ 45. Kxa4 Rh1 46.
Kb4 h4 47. Rh7 h3 48. Kc3 h2 49. Kd2 Ra1 0-1

[Event "VI Festival A"]
[Site "Trieste ITA"]
[Date "2004.09.05"]
[Round "2"]
[White "Spinetti, Paolo"]
[Black "Buzzurro, Mario"]
[Result "1/2-1/2"]
[WhiteElo "2162"]
[BlackElo "1700"]
[PlyCount "82"]
[EventDate "2004.09.04"]

1. d4 d5 2. c4 e6 3. Nc3 Nf6 4. Bg5 Be7 5. e3 c6 6. Nf3 Nbd7 7. Rc1 O-O 8. a3
a5 9. c5 Re8 10. b4 axb4 11. axb4 b6 12. Be2 b5 13. O-O Nf8 14. Qb3 Ng6 15. Ra1
Bd7 16. Bd3 h6 17. Bxg6 hxg5 18. Bd3 Nh7 19. Qc2 f5 20. Ne5 Nf8 21. f4 Qc7 22.
Ra2 Reb8 23. Rfa1 Qb7 24. Ra5 Bd8 25. R5a2 g6 26. g4 Kg7 27. Ne2 Bf6 28. Kg2
Be8 29. h4 gxh4 30. g5 Bd8 31. Ng1 Kg8 32. Kh3 Rxa2 33. Qxa2 Qh7 34. Qa7 Rb7
35. Qa8 Qe7 36. Ra6 Nh7 37. Ngf3 Qc7 38. Nxh4 Nxg5+ 39. fxg5 Rb8 40. Qa7 Rb7
41. Qa8 Rb8 1/2-1/2

[Event "VI Festival A"]
[Site "Trieste ITA"]
[Date "2004.09.05"]
[Round "2"]
[White "Stantic, Severino"]
[Black "Jurkovic, Hrvoje"]
[Result "0-1"]
[WhiteElo "2100"]
[BlackElo "2432"]
[PlyCount "74"]
[EventDate "2004.09.04"]

1. b3 e5 2. c4 Nc6 3. Nc3 g6 4. e3 Bg7 5. Bb2 Nge7 6. d3 d5 7. cxd5 Nxd5 8.
Nge2 Nb6 9. Ba3 a5 10. Ng3 Nb4 11. Nge4 f5 12. Nc5 Qd6 13. N5a4 Nxa4 14. bxa4
Nxd3+ 15. Qxd3 Qxa3 16. Nb5 Qb4+ 17. Qd2 Qxd2+ 18. Kxd2 Kd8 19. Rc1 c6 20. Nd6
Be6 21. Nxb7+ Kc7 22. Nc5 Rhd8+ 23. Bd3 Bxa2 24. Ke2 Bf8 25. Bc4 Bxc4+ 26. Rxc4
Bxc5 27. Rxc5 Rd5 28. Rc4 Rb8 29. Rhc1 Rb6 30. R1c2 e4 31. f3 exf3+ 32. gxf3
Kd6 33. e4 fxe4 34. fxe4 Rh5 35. Kf3 c5 36. Rd2+ Ke6 37. Kf4 Rb8 0-1

[Event "VI Festival A"]
[Site "Trieste ITA"]
[Date "2004.09.05"]
[Round "2"]
[White "Tonel, Giulia"]
[Black "Brecevich, Andrea"]
[Result "1/2-1/2"]
[WhiteElo "1670"]
[BlackElo "1897"]
[PlyCount "74"]
[EventDate "2004.09.04"]

1. e4 c5 2. Nc3 Nc6 3. g3 e5 4. Bg2 Nf6 5. d3 d6 6. f4 exf4 7. Bxf4 Be7 8. Nf3
Ng4 9. O-O O-O 10. h3 Nge5 11. Qd2 Nxf3+ 12. Rxf3 Be6 13. Rf2 Bf6 14. Raf1 Bd4
15. Be3 Be5 16. Bf4 Bd4 17. Be3 Qd7 18. Kh2 Bxe3 19. Qxe3 Nd4 20. Nd1 Nc6 21.
Qe2 Ne5 22. Ne3 f6 23. Nf5 Nf7 24. g4 Bxf5 25. exf5 Rae8 26. Qd2 d5 27. d4 c4
28. h4 Qb5 29. g5 fxg5 30. hxg5 Nd6 31. f6 g6 32. Qf4 Nf5 33. Bh3 Re4 34. Qf3
Re3 35. Qf4 Re4 36. Qf3 Re3 37. Qf4 Re4 1/2-1/2

[Event "VI Festival A"]
[Site "Trieste ITA"]
[Date "2004.09.05"]
[Round "2"]
[White "Toth, Andras"]
[Black "Varini, Massimo"]
[Result "1-0"]
[WhiteElo "2082"]
[BlackElo "2061"]
[PlyCount "59"]
[EventDate "2004.09.04"]

1. e4 e6 2. d4 d5 3. Nd2 c5 4. Ngf3 Nf6 5. exd5 Nxd5 6. c3 Nc6 7. Bb5 Bd7 8.
O-O cxd4 9. cxd4 Be7 10. Bd3 Ncb4 11. Be4 Bb5 12. Re1 O-O 13. Nf1 Bc4 14. a3
Nc6 15. Bxh7+ Kxh7 16. Qc2+ Kg8 17. Qxc4 Na5 18. Qd3 Rc8 19. Ng3 Qc7 20. Bg5
Qc2 21. Qb5 Bxg5 22. Nxg5 Nb3 23. Rad1 Nf4 24. N3e4 Nxd4 25. Qf1 Rfd8 26. g3
Nfe2+ 27. Kh1 f5 28. Nd2 Qc6+ 29. f3 Qa6 30. Qh3 1-0

[Event "VI Festival A"]
[Site "Trieste ITA"]
[Date "2004.09.05"]
[Round "2"]
[White "Videki, Sandor"]
[Black "Punteri, Marco"]
[Result "1-0"]
[WhiteElo "2409"]
[BlackElo "2051"]
[PlyCount "141"]
[EventDate "2004.09.04"]

1. e4 c5 2. Nf3 Nc6 3. Bb5 g6 4. Bxc6 dxc6 5. d3 Bg7 6. Nc3 Nh6 7. h3 f6 8. Be3
b6 9. Qd2 Nf7 10. a3 Qd6 11. O-O O-O 12. b4 cxb4 13. axb4 f5 14. Bxb6 Qxb4 15.
Ba5 Qd6 16. Ra4 Bd7 17. Rb1 Rab8 18. Rab4 Rxb4 19. Bxb4 c5 20. Ba3 Ne5 21. Nxe5
Bxe5 22. Qe1 f4 23. Rd1 f3 24. Nd5 Bd4 25. Ne3 Qf4 26. g3 Qh6 27. h4 Bxe3 28.
Qc3 Qh5 29. Bb2 Bd4 30. Qc4+ Rf7 31. Bxd4 cxd4 32. Rb1 Qe5 33. Kf1 Kg7 34. Rb7
Bh3+ 35. Ke1 Qa5+ 36. Kd1 Qa1+ 37. Kd2 Bf1 38. Qc5 Qc3+ 39. Qxc3 dxc3+ 40. Kxc3
e5 41. Rb5 Rc7+ 42. Kd2 Kf6 43. Ra5 h6 44. Ra6+ Kf7 45. h5 gxh5 46. Rxh6 Kg7
47. Rxh5 Kf6 48. Rh6+ Ke7 49. g4 a5 50. g5 a4 51. Ra6 Kf7 52. Rxa4 Kg6 53. Ra5
Re7 54. Ke3 Bg2 55. d4 exd4+ 56. Kxd4 Rd7+ 57. Rd5 Rxd5+ 58. exd5 Kxg5 59. Ke5
Bf1 60. d6 Bb5 61. c4 Bd7 62. c5 Kg4 63. Kd5 Kh3 64. c6 Bxc6+ 65. Kxc6 Kg2 66.
d7 Kxf2 67. d8=Q Kg1 68. Qg5+ Kf1 69. Qc1+ Kg2 70. Qg5+ Kf1 71. Kd5 1-0

[Event "VI Festival A"]
[Site "Trieste ITA"]
[Date "2004.09.06"]
[Round "3"]
[White "Bednarich, Jan"]
[Black "Toth, Andras"]
[Result "0-1"]
[WhiteElo "2198"]
[BlackElo "2082"]
[PlyCount "74"]
[EventDate "2004.09.04"]

1. e4 c5 2. Nf3 d6 3. d4 cxd4 4. Nxd4 Nf6 5. Nc3 Nc6 6. Bg5 e6 7. Qd2 a6 8.
O-O-O Be7 9. f3 Qa5 10. h4 h6 11. Nb3 Qc7 12. Be3 Nd7 13. g4 Nce5 14. Qg2 b5
15. Bd4 b4 16. Ne2 Bb7 17. Ng3 Rg8 18. Kb1 Nc5 19. g5 O-O-O 20. Qf2 Na4 21. f4
Nc4 22. Qe2 d5 23. e5 hxg5 24. hxg5 g6 25. Rh7 Rdf8 26. Qf2 Rh8 27. Rxh8 Rxh8
28. Bd3 a5 29. Rh1 Rxh1+ 30. Nxh1 Naxb2 31. Bxb2 Nxb2 32. Kxb2 a4 33. Nd2 Qc3+
34. Kc1 Bc5 35. Qe2 Bd4 36. Ba6 Be3 37. Bxb7+ Kc7 0-1

[Event "VI Festival A"]
[Site "Trieste ITA"]
[Date "2004.09.06"]
[Round "3"]
[White "Bevilacqua, Andrea"]
[Black "Tonel, Giulia"]
[Result "1-0"]
[WhiteElo "1736"]
[BlackElo "1670"]
[PlyCount "177"]
[EventDate "2004.09.04"]

1. e4 e5 2. f4 exf4 3. Nf3 d6 4. Bc4 Be6 5. Bxe6 fxe6 6. d4 g5 7. h4 g4 8. Ng5
Qe7 9. Qxg4 Nf6 10. Qxf4 Nc6 11. Be3 Bg7 12. c3 Rf8 13. Nd2 O-O-O 14. O-O-O h6
15. Nh3 Nd5 16. Qg3 Nxe3 17. Qxe3 Qxh4 18. g3 Qg4 19. Nf2 Qg6 20. Nd3 Kb8 21.
Nf4 Qg5 22. Rh5 Qe7 23. Ng6 Qf7 24. Nxf8 Qxh5 25. Nxe6 Rg8 26. Nxg7 Rxg7 27.
Rf1 b6 28. Qf3 Qg6 29. e5 dxe5 30. d5 Ne7 31. Qf8+ Nc8 32. Rf6 Qxg3 33. Rxh6
Rg8 34. Qf3 Nd6 35. Qxg3 Rxg3 36. Re6 Rg1+ 37. Kc2 Rg2 38. Kd3 Kc8 39. c4 Kd7
40. b3 c6 41. Rxe5 a5 42. dxc6+ Kxc6 43. Re2 Rxe2 44. Kxe2 Kc5 45. Kd3 Nb7 46.
a3 Nd8 47. Ne4+ Kc6 48. b4 axb4 49. axb4 Ne6 50. Nc3 Kd7 51. Ke4 Nd8 52. Nd5
Kc6 53. Ke5 Nb7 54. Ne7+ Kc7 55. Nf5 Kc6 56. Nd4+ Kc7 57. Kd5 Kd7 58. Nc6 Nd6
59. Nd4 Ne8 60. Nb5 Nf6+ 61. Ke5 Ne8 62. Nd4 Nc7 63. Nf5 Na6 64. b5 Nc5 65. Ne3
Nd3+ 66. Kd4 Nc5 67. Nd5 Na4 68. Ke5 Kc8 69. Kd6 Kb7 70. Nf6 Nc5 71. Kd5 Kc7
72. Ne4 Na4 73. Ng5 Kd7 74. Ne4 Kc7 75. Ke6 Nb2 76. Nd2 Nd3 77. Nb3 Nb2 78. Kd5
Nd3 79. Nd4 Kd7 80. Nc6 Nc5 81. Nb8+ Kc8 82. Na6 Na4 83. Kc6 Kd8 84. Nb4 Nb2
85. Kxb6 Nxc4+ 86. Ka7 Kc8 87. Nd5 Nd6 88. b6 Nb7 89. Ne7+ 1-0

[Event "VI Festival A"]
[Site "Trieste ITA"]
[Date "2004.09.06"]
[Round "3"]
[White "Brecevich, Andrea"]
[Black "Spinetti, Paolo"]
[Result "0-1"]
[WhiteElo "1897"]
[BlackElo "2162"]
[PlyCount "108"]
[EventDate "2004.09.04"]

1. e4 e6 2. d4 d5 3. Nd2 Nf6 4. e5 Nfd7 5. Ngf3 c5 6. c3 Nc6 7. Bd3 Be7 8. Nf1
b6 9. Ng3 Bb7 10. Nh5 Bf8 11. Ng5 g6 12. Qf3 Qe7 13. Nf6+ Nxf6 14. exf6 Qd7 15.
Bb5 a6 16. Bxc6 Bxc6 17. O-O h6 18. Nh3 g5 19. Qh5 O-O-O 20. Bxg5 Bd6 21. Bf4
Bxf4 22. Nxf4 Rdg8 23. Qf3 e5 24. dxe5 d4 25. Qe2 d3 26. Qe3 Qf5 27. f3 Rg5 28.
e6 fxe6 29. Qxe6+ Qxe6 30. Nxe6 Rf5 31. Ng7 Rxf6 32. Nh5 Rd6 33. Rad1 c4 34.
Ng3 h5 35. Nf5 Rf6 36. Ne7+ Kd7 37. Nxc6 Kxc6 38. Kf2 Rg6 39. Rfe1 b5 40. g3
Rf6 41. b3 Rhf8 42. f4 h4 43. Re4 Kd5 44. Kf3 hxg3 45. hxg3 Rh8 46. bxc4+ bxc4
47. Re5+ Kc6 48. Rd2 Rh1 49. Ke4 Rd6 50. Ra5 Kb6 51. Ra4 Re1+ 52. Kf3 Kb5 53.
Rb4+ Kc5 54. g4 Rc1 0-1

[Event "VI Festival A"]
[Site "Trieste ITA"]
[Date "2004.09.06"]
[Round "3"]
[White "Buzzurro, Mario"]
[Black "Battisti, Eugenio"]
[Result "1/2-1/2"]
[WhiteElo "1700"]
[BlackElo "2000"]
[PlyCount "146"]
[EventDate "2004.09.04"]

1. d4 Nf6 2. e3 c5 3. c3 b6 4. Qf3 d5 5. Bb5+ Bd7 6. Bxd7+ Nbxd7 7. Ne2 e5 8.
Qf5 Bd6 9. f4 exd4 10. cxd4 Qc7 11. Nbc3 Qc6 12. a4 a6 13. Bd2 O-O 14. g4 g6
15. Qg5 Rfe8 16. h4 Be7 17. h5 Nf8 18. hxg6 fxg6 19. O-O-O Rad8 20. f5 Ne4 21.
Qf4 Bg5 22. Qf3 Nxd2 23. Kxd2 Rxe3 24. Qxe3 Bxe3+ 25. Kxe3 c4 26. Rh6 Qf6 27.
Rdh1 Qg5+ 28. Kf3 Kg7 29. Nf4 Qxh6 30. f6+ Kxf6 31. Rxh6 b5 32. Rh2 Kf7 33. g5
Kg8 34. Re2 Kf7 35. Re5 bxa4 36. Nfxd5 Ne6 37. Ke4 Rb8 38. Nxa4 Re8 39. Ke3
Nxg5 40. Rxe8 Kxe8 41. Nab6 h5 42. Nxc4 h4 43. Nf6+ Ke7 44. Ng4 h3 45. Nce5 Kd6
46. Nxg6 Kd5 47. Nf4+ Kc4 48. Nd3 Ne6 49. Nge5+ Kd5 50. Nb4+ Kd6 51. Ng4 a5 52.
Nc2 Kd5 53. b3 Ng5 54. Ne1 Ne6 55. Nf3 Nc7 56. Nf2 Kc6 57. Nxh3 Kb5 58. Nf4 Kb4
59. Nd2 a4 60. Nd3+ Kb5 61. b4 a3 62. Ke4 a2 63. Nb3 Kc4 64. Na1 Nb5 65. Nc1
Nc3+ 66. Ke5 Kxb4 67. Nxa2+ Nxa2 68. d5 Kc3 69. d6 Nb4 70. Kf6 Nd5+ 71. Kf7 Nb6
72. Ke8 Kb2 73. Kd8 Nc4 1/2-1/2

[Event "VI Festival A"]
[Site "Trieste ITA"]
[Date "2004.09.06"]
[Round "3"]
[White "Chiandussi, Livio"]
[Black "Plani, Andrea"]
[Result "0-1"]
[WhiteElo "1515"]
[BlackElo "1706"]
[PlyCount "54"]
[EventDate "2004.09.04"]

1. d4 d6 2. c4 Nf6 3. Nc3 g6 4. e4 Bg7 5. f4 c5 6. e5 Ng4 7. Be2 cxd4 8. Nb5
Ne3 9. Bxe3 dxe3 10. exd6 O-O 11. dxe7 Qxe7 12. Qb3 Nc6 13. Nf3 a6 14. Nc3 Be6
15. Nd5 Bxd5 16. cxd5 Na5 17. Qb6 Qd8 18. Qxd8 Raxd8 19. Rb1 Rxd5 20. O-O Nc6
21. b3 Nd4 22. Bc4 Nxf3+ 23. Rxf3 Rd2 24. f5 e2 25. Re1 Bd4+ 26. Kh1 Rd1 27.
Bxe2 Rxe1+ 0-1

[Event "VI Festival A"]
[Site "Trieste ITA"]
[Date "2004.09.06"]
[Round "3"]
[White "De Poi, Paolo"]
[Black "Nedimovic, Ljubisa"]
[Result "0-1"]
[WhiteElo "2223"]
[BlackElo "2200"]
[PlyCount "73"]
[EventDate "2004.09.04"]

1. Nf3 d5 2. b4 Bg4 3. Bb2 Nd7 4. a3 Ngf6 5. e3 e6 6. c4 Be7 7. d4 O-O 8. Nbd2
Ne4 9. Qb3 Nxd2 10. Nxd2 dxc4 11. Bxc4 Nb6 12. Bd3 Bd6 13. O-O Qh4 14. g3 Qe7
15. Be4 c6 16. Bg2 h5 17. e4 e5 18. Rae1 Rad8 19. dxe5 Bxe5 20. Bc1 h4 21. Nf3
h3 22. Bh1 Be6 23. Qc2 Bc4 24. Nxe5 Bxf1 25. Nxc6 bxc6 26. Kxf1 Qe6 27. e5 Nd5
28. Be4 g6 29. f4 Ne7 30. Be3 Rd7 31. Kg1 Rfd8 32. Rc1 Nf5 33. Bxf5 gxf5 34.
Qxc6 Rd1+ 35. Kf2 Rxc1 36. Qxc1 Qa2+ 37. Ke1 0-1

[Event "VI Festival A"]
[Site "Trieste ITA"]
[Date "2004.09.06"]
[Round "3"]
[White "Golubovic, Boris"]
[Black "Drazic, Sinisa"]
[Result "1-0"]
[WhiteElo "2428"]
[BlackElo "2461"]
[PlyCount "67"]
[EventDate "2004.09.04"]

1. e4 e6 2. d4 c5 3. c3 d5 4. exd5 Qxd5 5. Nf3 Nf6 6. Na3 Nc6 7. Be2 cxd4 8.
Nb5 Qd8 9. Nbxd4 Nxd4 10. Qxd4 Qxd4 11. Nxd4 Bd7 12. Bf4 O-O-O 13. O-O Nd5 14.
Bg3 e5 15. Bxe5 Re8 16. Bg3 Nb6 17. Rfd1 a6 18. b3 h5 19. h4 Be7 20. c4 Bc5 21.
Bf3 g6 22. b4 Bxb4 23. Rab1 Bc5 24. Nb3 Bb4 25. c5 Na4 26. Bxb7+ Kxb7 27. Na5+
Ka8 28. Rxb4 Nxc5 29. Rd5 Rc8 30. Nc4 a5 31. Nb6+ Kb7 32. Rb2 Ka6 33. Nxd7 Na4
34. Nb8+ 1-0

[Event "VI Festival A"]
[Site "Trieste ITA"]
[Date "2004.09.06"]
[Round "3"]
[White "Jurkovic, Hrvoje"]
[Black "Videki, Sandor"]
[Result "1-0"]
[WhiteElo "2432"]
[BlackElo "2409"]
[PlyCount "147"]
[EventDate "2004.09.04"]

1. e4 d6 2. d4 Nf6 3. Nc3 g6 4. g3 Bg7 5. Bg2 O-O 6. Nge2 e5 7. h3 c6 8. a4 a5
9. O-O Na6 10. Be3 Nb4 11. Qd2 Be6 12. f4 Bc4 13. Rf2 Qc7 14. g4 Rad8 15. b3
Bxe2 16. Rxe2 Rfe8 17. Rd1 h5 18. g5 exf4 19. Bxf4 Nh7 20. Rf2 Rd7 21. Nb1 Nf8
22. c3 Na6 23. Na3 Ne6 24. Bg3 Qb6 25. Nc4 Qd8 26. h4 b5 27. axb5 cxb5 28. Ne3
b4 29. Nd5 Qb8 30. Nf6+ Bxf6 31. gxf6 Kh7 32. c4 Qb6 33. Kh2 Rc7 34. Bf3 Rh8
35. Bxh5 gxh5 36. d5 Nf8 37. Rg1 Ng6 38. Rf5 Kg8 39. e5 Nc5 40. e6 Rc8 41. Bf2
Ne4 42. Qc2 Nxf2 43. Rxf2 Rh6 44. Rfg2 Kh7 45. Qe4 Qa7 46. Kh3 Rg8 47. Kh2 Kh8
48. Kh1 Kh7 49. Rg5 Rf8 50. Rf1 a4 51. bxa4 Qxa4 52. Qf5 Qb3 53. Rxh5 Qxc4 54.
Rxh6+ Kxh6 55. Qg5+ Kh7 56. Qh5+ Kg8 57. exf7+ Kxf7 58. Qh7+ Ke8 59. Qxg6+ Kd8
60. Kg1 Qd4+ 61. Rf2 Qxd5 62. f7 b3 63. Qg7 Qd1+ 64. Rf1 Qxf1+ 65. Kxf1 Ke7 66.
Kg2 Rxf7 67. Qc3 Rf5 68. Qxb3 d5 69. Kg3 Re5 70. Kg4 Re4+ 71. Kg5 Kd6 72. Qb6+
Kd7 73. h5 Re5+ 74. Kg4 1-0

[Event "VI Festival A"]
[Site "Trieste ITA"]
[Date "2004.09.06"]
[Round "3"]
[White "Moratto, Davide"]
[Black "Padjen, Zdenko"]
[Result "1/2-1/2"]
[WhiteElo "1759"]
[BlackElo "2099"]
[PlyCount "32"]
[EventDate "2004.09.04"]

1. e4 Nf6 2. Nc3 d5 3. exd5 Nxd5 4. g3 Nxc3 5. bxc3 Qd5 6. Qf3 Qa5 7. Bg2 Nc6
8. Ne2 e5 9. O-O Be6 10. d4 O-O-O 11. dxe5 Bd5 12. Qf5+ Be6 13. Qf3 Bd5 14.
Qf5+ Rd7 15. Bxd5 Qxd5 16. Bf4 g6 1/2-1/2

[Event "VI Festival A"]
[Site "Trieste ITA"]
[Date "2004.09.06"]
[Round "3"]
[White "Oblak, Mitja"]
[Black "Devetak, Robert"]
[Result "1-0"]
[WhiteElo "1556"]
[BlackElo "1488"]
[PlyCount "67"]
[EventDate "2004.09.04"]

1. d4 Nf6 2. c4 e6 3. Nc3 d5 4. Bg5 Be7 5. e3 h6 6. Bh4 O-O 7. Nf3 b6 8. Be2
Nbd7 9. O-O Bb7 10. cxd5 exd5 11. Rc1 c5 12. b3 Rc8 13. dxc5 bxc5 14. Rc2 Re8
15. Bb5 a6 16. Bxf6 Bxf6 17. Ba4 Bxc3 18. Rxc3 Re7 19. Qc2 Qb6 20. Rc1 Bc6 21.
Bxc6 Rxc6 22. Ne1 Re8 23. Nd3 Rec8 24. Nf4 Nf6 25. Qf5 Qd8 26. Rd3 Rd6 27. Rcd1
g6 28. Qh3 c4 29. bxc4 Rxc4 30. Qxh6 d4 31. Ne2 Rc2 32. R3d2 dxe3 33. Rxd6
exf2+ 34. Kf1 1-0

[Event "VI Festival A"]
[Site "Trieste ITA"]
[Date "2004.09.06"]
[Round "3"]
[White "Padovani, Alessio"]
[Black "Laco, Giuseppe"]
[Result "0-1"]
[WhiteElo "1912"]
[BlackElo "2107"]
[PlyCount "86"]
[EventDate "2004.09.04"]

1. c4 c5 2. g3 g6 3. Bg2 Bg7 4. Nc3 Nc6 5. Rb1 Nf6 6. a3 a5 7. b3 O-O 8. Bb2 d6
9. Nf3 e5 10. d3 h6 11. O-O Be6 12. h3 Qd7 13. Kh2 Nh7 14. e4 Ng5 15. Nd5 Rab8
16. Nb6 Qd8 17. Nd5 b5 18. Ng1 Nd4 19. Bxd4 cxd4 20. f4 Bxd5 21. cxd5 exf4 22.
gxf4 Nh7 23. Rc1 Rc8 24. Qe2 Rc3 25. Rxc3 dxc3 26. e5 dxe5 27. fxe5 Re8 28. d4
Qb8 29. d6 Ng5 30. Qd3 b4 31. axb4 axb4 32. Bd5 Rxe5 33. Bxf7+ Nxf7 34. Qxg6
Nh8 35. Qg4 Rg5 36. Qe6+ Kh7 37. Qd7 Rg6 38. Qf5 Qxd6+ 39. Kh1 Qg3 40. Qf3 Bxd4
41. Qb7+ Bg7 42. Qe4 Nf7 43. h4 Nd6 0-1